A komputer felhasználásának lehetőségei az orvosi diagnosztikában a klinikus szemszögéből /

Elmentve itt :
Bibliográfiai részletek
Szerző: Szabó Rezső
Testületi szerző: Számítástechnikai és kibernetikai módszerek alkalmazása az orvostudományban és a biológiában
Dokumentumtípus: Könyv része
Megjelent: 1971
Sorozat:Számítástechnikai és kibernetikai módszerek alkalmazása az orvostudományban és a biológiában 1
Kulcsszavak:Számítógép alkalmazása - orvostudomány
Tárgyszavak:
Online Access:http://acta.bibl.u-szeged.hu/45644
LEADER 00986naa a2200205 i 4500
001 acta45644
005 20230606091233.0
008 170614s1971 hu o 1|| hun d
040 |a SZTE Egyetemi Kiadványok Repozitórium  |b hun 
041 |a hun 
100 1 |a Szabó Rezső 
245 1 2 |a A komputer felhasználásának lehetőségei az orvosi diagnosztikában   |h [elektronikus dokumentum] :  |b a klinikus szemszögéből /  |c  Szabó Rezső 
260 |c 1971 
300 |a 79-89 
490 0 |a Számítástechnikai és kibernetikai módszerek alkalmazása az orvostudományban és a biológiában  |v 1 
650 4 |a Természettudományok 
650 4 |a Számítás- és információtudomány 
695 |a Számítógép alkalmazása - orvostudomány 
711 |a Számítástechnikai és kibernetikai módszerek alkalmazása az orvostudományban és a biológiában  |c Szeged  |d 1970. december 14-15. 
856 4 0 |u http://acta.bibl.u-szeged.hu/45644/1/szamtech_orvost_koll_001_079-089.pdf  |z Dokumentum-elérés